SCH : 20 Citations #4 (Très facile) - Statistiques

Statistiques générales
  • Ce quiz a été pris 304 fois
  • Le résultat moyen est 10 sur 20
Statistiques - réponses
Hint Réponse % Correct
S'lever pour mille-deux, c'est insultant A7
81%
On va t'ligoter comme un saucisson Otto
71%
Mais au fond j'sais que tu vas partir, m'laisser seul dans un cinq étoiles Encore une fois j'me dirai qu'je n'ai que ma mère Allo maman
70%
Une clique, une 'teille de Jack, une suite et quelques chattes Une tour et quelques armes, une guerre et quelques shots Prequel
66%
Bébé, Paris, c'est magique, bébé, Marseille, c'est mafieux Marché noir
63%
Le bruit du Beretta précède l'épilogue Gomorra
60%
Une rixe, un stylo dans l'oreille et t'entends plus en stéréo RAC
60%
Tu veux tuer un Homme ? Prends du 'sky et des faux espoirs Loup noir
58%
Mais qui va s'assoir à ma table ? Stigmates
58%
J'ai pas l'temps pour ces conneries, fais juste ton job, j'te paye après Champs-Elysées
51%
Et puis l'paradis serait triste sans mes reufs Bénéfice
50%
Tu veux m'faire le chaud ? Tu vas voir la claque, tu veux faire la course ? Tu vas voir qu'la plaque, gang, mathafack Autobahn
48%
Maintenant, tu sais c'est quoi l'goût du plomb Magnum
46%
Les arbres ont maigri tout l'automne, j'fais tout pour avoir mon nom sur tes lèvres MAC11
41%
J'veux ton r'gard, t'es louche sous tes lunettes, fais nous voir tes yeux Comme si
37%
Nique un succès d'estime, t'sais qu'on est là pour l'fric Mayday
30%
Tout va bien, ma chérie, si on s'aime et sans conditions La mort va nous séparer, on l'sait Haut standing
28%
J'parle à la lune encore, j'vois ton reflet dans l'eau Nino Brown
28%
Sous prométhazine, tout n'est pas plus facile Le code
27%
J'me suis cassé la gueule, j'sais qu'ça leur a plu Mode Akimbo
27%
Aucun quiz correspondant
Distribution des résultats
% des personnes avec chaque résultat
Percentile par nombre de réponses
Votre historique - résultats
Vous n’avez pas pris ce quiz